00606cam a22001937a 4500003000500000005001700005008004100022010001000063011001000073035001000083040000900093100003000102245002600132260008400158300001900242490006900261650001300330830006900343CHAP20220817043349.0971013s1910 r 00010 d a73246 a74218 a83777 cCHAP00aGarcía Osés, Ramón. 0aCultivo de la alfalfa aMéxico, D.F. :bEstación Agrícola Experimental de Rioverde, S.L.P.,c1910 a76 p.b: ilus. 0aEstación Agrícola Experimental de Rioverde, S.L.P. Boletín14aAlfalfa.0 aEstación Agrícola Experimental de Rioverde, S.L.P. Boletín